000 00614nam a2200265Ia 4500
005 20260121165559.0
008 008 260114s9999 xx 000 0 eng d
020 _a9783642254406
037 _aEBOOK
040 _aCRL
040 _beng
040 _cCRL
041 _2eng
041 _aeng
084 _qCRL
100 _aThomas Foken
_91053493
245 0 _aMicrometeorology
260 _bSpringer
260 _bSpringer
260 _c2017
856 _uhttps://link.springer.com/openurl?genre=book&isbn=978-3-642-25440-6
942 _cEBOOK
999 _c1619219
_d1619219